Gemeinden im Kanton Waadt - Statistiken

Allgemein
  • Dieses Quiz wurde 40 mal gespielt
  • Das Durchschnittsergebnis liegt bei 61 aus 309
Antwortstatistiken
Bezirk Gemeinde % Korrekt
Lausanne Lausanne
100%
Morges Morges
100%
Nyon Nyon
94%
Aigle Aigle
88%
Lausanne Le Mont-sur-Lausanne
82%
Morges Mont-la-Ville
82%
Nyon Mont-sur-Rolle
82%
Riviera-Pays-d’Enhaut Vevey
76%
Jura-Nord vaudois Yverdon-les-Bains
76%
Riviera-Pays-d’Enhaut Montreux
71%
Lavaux-Oron Oron
71%
Broye-Vully Payerne
59%
Lavaux-Oron Pully
59%
Lavaux-Oron Bourg-en-Lavaux
53%
Nyon Gland
53%
Broye-Vully Vully-les-Lacs
53%
Broye-Vully Avenches
47%
Lavaux-Oron Lutry
47%
Jura-Nord vaudois Vallorbe
47%
Aigle Villeneuve (VD)
47%
Aigle Bex
41%
Ouest lausannois Chavannes-près-Renens
41%
Nyon Le Vaud
41%
Jura-Nord vaudois Orbe
41%
Ouest lausannois Prilly
41%
Nyon Rolle
41%
Morges Bière
35%
Riviera-Pays-d’Enhaut Château-d’Œx
35%
Broye-Vully Chavannes-sur-Moudon
35%
Nyon Coppet
35%
Gros-de-Vaud Echallens
35%
Ouest lausannois Ecublens (VD)
35%
Jura-Nord vaudois Grandson
35%
Aigle Ollon
35%
Jura-Nord vaudois Yvonand
35%
Morges Allaman
29%
Nyon Arzier-Le Muids
29%
Jura-Nord vaudois Ballaigues
29%
Jura-Nord vaudois Baulmes
29%
Jura-Nord vaudois Bavois
29%
Ouest lausannois Bussigny
29%
Lavaux-Oron Chexbres
29%
Broye-Vully Corcelles-le-Jorat
29%
Jura-Nord vaudois Corcelles-près-Concicse
29%
Broye-Vully Corcelles-près-Payerne
29%
Morges Cossonay
29%
Ouest lausannois Crissier
29%
Jura-Nord vaudois L'Abbaye
29%
Riviera-Pays-d’Enhaut La Tour-de-Peilz
29%
Jura-Nord vaudois Le Chenit
29%
Jura-Nord vaudois Le Lieu
29%
Aigle Leysin
29%
Broye-Vully Moudon
29%
Morges Préverenges
29%
Ouest lausannois Renens (VD)
29%
Lavaux-Oron Rivaz
29%
Jura-Nord vaudois Romainmôtier-Envy
29%
Riviera-Pays-d’Enhaut Rossinière
29%
Lavaux-Oron Saint-Saphorin(Lavaux)
29%
Ouest lausannois Saint-Sulpice (VD)
29%
Nyon Signy-Avenex
29%
Morges Vaux-sur-Morges
29%
Gros-de-Vaud Assens
24%
Morges Aubonne
24%
Nyon Begnins
24%
Gros-de-Vaud Bercher
24%
Riviera-Pays-d’Enhaut Blonay
24%
Morges Bougy-Villars
24%
Nyon Bursins
24%
Jura-Nord vaudois Champagne
24%
Nyon Chavannes-de-Bogis
24%
Nyon Chavannes-des-Bois
24%
Jura-Nord vaudois Chavannes-le-Chêne
24%
Morges Chavannes-le-Veyron
24%
Jura-Nord vaudois Chavornay
24%
Broye-Vully Cudrefin
24%
Morges Denens
24%
Morges Denges
24%
Morges Echandens
24%
Morges Echichens
24%
Morges Eclépens
24%
Lausanne Epalinges
24%
Broye-Vully Faoug
24%
Gros-de-Vaud Froideville
24%
Broye-Vully Henniez
24%
Lavaux-Oron Jorat-Mézières
24%
Jura-Nord vaudois Les Clées
24%
Morges L'Isle
24%
Broye-Vully Lucens
24%
Gros-de-Vaud Lussery-Villars
24%
Nyon Mies
24%
Morges Montricher
24%
Aigle Noville
24%
Aigle Ormont-Dessous
24%
Aigle Ormont-Dessus
24%
Jura-Nord vaudois Pomy
24%
Lavaux-Oron Puidoux
24%
Aigle Roche (VD)
24%
Lausanne Romanel-sur-Lausanne
24%
Morges Romanel-sur-Morges
24%
Riviera-Pays-d’Enhaut Rougemont
24%
Jura-Nord vaudois Sainte-Croix
24%
Morges Tolochenaz
24%
Broye-Vully Valbroye
24%
Riviera-Pays-d’Enhaut Veytaux
24%
Jura-Nord vaudois Villars-Epeney
24%
Broye-Vully Villars-le-Comte
24%
Gros-de-Vaud Villars-le-Terroir
24%
Ouest lausannois Villars-Sainte-Croix
24%
Morges Villars-sous-Yens
24%
Gros-de-Vaud Vufflens-la-Ville
24%
Morges Vufflens-le-Château
24%
Morges Yens
24%
Aigle Yvorne
24%
Morges Aclens
18%
Morges Apples
18%
Nyon Arnex-sur-Nyon
18%
Jura-Nord vaudois Arnex-sur-Orbe
18%
Morges Ballens
18%
Lavaux-Oron Belmont-sur-Lausanne
18%
Jura-Nord vaudois Belmont-sur-Yverdon
18%
Morges Berolle
18%
Gros-de-Vaud Bioley-Orjulaz
18%
Jura-Nord vaudois Bofflens
18%
Morges Bremblens
18%
Jura-Nord vaudois Bretonnières
18%
Jura-Nord vaudois Bullet
18%
Nyon Bursinel
18%
Jura-Nord vaudois Cheseaux-Noréaz
18%
Lausanne Cheseaux-sur-Lausanne
18%
Morges Cottens (VD)
18%
Nyon Crans-près-Céligny
18%
Broye-Vully Dompierre (VD)
18%
Morges Etoy
18%
Nyon Eysins
18%
Morges Féchy
18%
Gros-de-Vaud Fey
18%
Lavaux-Oron Forel (Lavaux)
18%
Morges Gimel
18%
Gros-de-Vaud Jorat-Menthue
18%
Nyon La Rippe
18%
Morges La Sarraz
18%
Aigle Lavey-Morcles
18%
Morges Lonay
18%
Morges Lully (VD)
18%
Morges Lussy-sur-Morges
18%
Morges Mauraz
18%
Morges Mollens (VD)
18%
Gros-de-Vaud Penthalaz
18%
Nyon Perroy
18%
Morges Pompaples
18%
Nyon Prangins
18%
Jura-Nord vaudois Provence
18%
Nyon Saint-Cergue
18%
Riviera-Pays-d’Enhaut Saint-Légier-La Chiésaz
18%
Morges Saint-Prex
18%
Lavaux-Oron Savigny
18%
Lavaux-Oron Servion
18%
Jura-Nord vaudois Suchy
18%
Nyon Trélex
18%
Broye-Vully Trey
18%
Jura-Nord vaudois Valeyres-sous-Montagny
18%
Jura-Nord vaudois Valeyres-sous-Rances
18%
Jura-Nord vaudois Valeyres-sous-Ursins
18%
Jura-Nord vaudois Vaulion
18%
Jura-Nord vaudois Agiez
12%
Nyon Bassins
12%
Gros-de-Vaud Bettens
12%
Jura-Nord vaudois Bioley-Magnoux
12%
Gros-de-Vaud Bournens
12%
Gros-de-Vaud Boussens
12%
Morges Buchillon
12%
Riviera-Pays-d’Enhaut Chardonne
12%
Jura-Nord vaudois Chêne-Pâquier
12%
Morges Chevilly
12%
Nyon Commugny
12%
Jura-Nord vaudois Concise
12%
Aigle Corbeyrier
12%
Riviera-Pays-d’Enhaut Corsier-sur-Vevey
12%
Jura-Nord vaudois Croy
12%
Morges Cuarnens
12%
Gros-de-Vaud Cugy (VD)
12%
Morges Dizy
12%
Jura-Nord vaudois Donneloye
12%
Nyon Essertines-sur-Rolle
12%
Gros-de-Vaud Essertines-sur-Yverdon
12%
Gros-de-Vaud Etagnières
12%
Jura-Nord vaudois Fiez
12%
Jura-Nord vaudois Fontaines-sur-Grandson
12%
Nyon Founex
12%
Nyon Genolier
12%
Jura-Nord vaudois Giez
12%
Nyon Gilly
12%
Nyon Gingins
12%
Morges Gollion
12%
Gros-de-Vaud Goumoëns
12%
Morges Grancy
12%
Broye-Vully Grandcour
12%
Jura-Nord vaudois Grandevent
12%
Aigle Gryon
12%
Broye-Vully Hermenches
12%
Riviera-Pays-d’Enhaut Jongny
12%
Lausanne Jouxtens-Mézery
12%
Jura-Nord vaudois Juriens
12%
Morges La Chaux (Cossonay)
12%
Jura-Nord vaudois La Praz
12%
Jura-Nord vaudois Lignerolle
12%
Nyon Longirod
12%
Nyon Luins
12%
Lavaux-Oron Maracon
12%
Jura-Nord vaudois Mathod
12%
Gros-de-Vaud Mex (VD)
12%
Jura-Nord vaudois Montagny-près-Yverdon
12%
Lavaux-Oron Montpreveyres
12%
Jura-Nord vaudois Mutrux
12%
Gros-de-Vaud Ogens
12%
Morges Orny
12%
Gros-de-Vaud Oulens-sous-Echallens
12%
Morges Pampigny
12%
Lavaux-Oron Paudex
12%
Gros-de-Vaud Penthaz
12%
Jura-Nord vaudois Rances
12%
Broye-Vully Ropraz
12%
Gros-de-Vaud Saint-Barthélemy (VD)
12%
Nyon Saint-George
12%
Morges Saint-Livres
12%
Morges Saint-Oyens
12%
Morges Saubraz
12%
Morges Senarclens
12%
Jura-Nord vaudois Sergey
12%
Morges Sévery
12%
Gros-de-Vaud Sullens
12%
Jura-Nord vaudois Suscévaz
12%
Nyon Tannay
12%
Jura-Nord vaudois Treycovagnes
12%
Jura-Nord vaudois Ursins
12%
Broye-Vully Villarzel
12%
Jura-Nord vaudois Vuiteboeuf
12%
Broye-Vully Vulliens
12%
Morges Vullierens
12%
Nyon Bogis-Bossey
6%
Jura-Nord vaudois Bonvillars
6%
Gros-de-Vaud Bottens
6%
Gros-de-Vaud Boulens
6%
Gros-de-Vaud Bretigny-sur-Morrens
6%
Nyon Burtigny
6%
Morges Bussy-Chardonney
6%
Broye-Vully Bussy-sur-Moudon
6%
Jura-Nord vaudois Chamblon
6%
Jura-Nord vaudois Champvent
6%
Nyon Chéserex
6%
Aigle Chessel
6%
Broye-Vully Chevroux
6%
Morges Chigny
6%
Morges Clarmont
6%
Nyon Coinsins
6%
Riviera-Pays-d’Enhaut Corseaux
6%
Nyon Crassier
6%
Jura-Nord vaudois Cronay
6%
Jura-Nord vaudois Cuarny
6%
Broye-Vully Curtilles
6%
Jura-Nord vaudois Démoret
6%
Nyon Duillier
6%
Nyon Dully
6%
Jura-Nord vaudois Ependes (VD)
6%
Morges Ferreyres
6%
Nyon Givrins
6%
Nyon Grens
6%
Jura-Nord vaudois L'Abergement
6%
Morges Lavigny
6%
Broye-Vully Lovatens
6%
Nyon Marchissy
6%
Jura-Nord vaudois Mauborget
6%
Morges Moiry
6%
Gros-de-Vaud Montanaire
6%
Jura-Nord vaudois Montcherand
6%
Morges Montherod
6%
Gros-de-Vaud Montilliez
6%
Gros-de-Vaud Morrens (VD)
6%
Jura-Nord vaudois Novalles
6%
Jura-Nord vaudois Onnens (VD)
6%
Gros-de-Vaud Oppens
6%
Jura-Nord vaudois Orges
6%
Jura-Nord vaudois Orzens
6%
Gros-de-Vaud Pailly
6%
Gros-de-Vaud Penthéréaz
6%
Gros-de-Vaud Poliez-Pittet
6%
Jura-Nord vaudois Premier
6%
Broye-Vully Prévonloup
6%
Aigle Rennaz
6%
Morges Reverolle
6%
Broye-Vully Rossenges
6%
Gros-de-Vaud Rueyres
6%
Broye-Vully Syens
6%
Nyon Tartegnin
6%
Nyon Vich
6%
Nyon Vinzel
6%
Gros-de-Vaud Vuarrens
6%
Broye-Vully Vucherens
6%
Jura-Nord vaudois Vugelles-La Mothe
6%
Nyon Borex
0%
Broye-Vully Champtauroz
0%
Gros-de-Vaud Daillens
0%
Lavaux-Oron Essertes
0%
Broye-Vully Missy
0%
Jura-Nord vaudois Molondin
0%
Jura-Nord vaudois Rovray
0%
Jura-Nord vaudois Tèvenon
0%
Broye-Vully Treytorrens (Payerne)
0%
Keine übereinstimmenden Quizze gefunden
Verteilung der Resultate
Anzahl Personen mit jedem Resultat
Perzentil nach korrekt beantworteten Fragen
Ihre Resultats-Entwicklung
Sie haben dieses Quiz noch nicht gespielt